| 000 | 00819nam a2200193Ia 4500 | ||
|---|---|---|---|
| 003 | GCL | ||
| 008 | 140319s9999 xx 000 0 ara d | ||
| 040 |
_aGCL / _cGCL |
||
| 082 | 0 | 4 |
_a011 _bا ك |
| 100 | 1 | _aابن النديم : ابوالفرج محمد بن اسحاق بن ابى يعقوب النديم الوراق البغدادى | |
| 245 | 1 | 0 |
_aكتاب الفهرست للنديم / _cابن النديم : ابوالفرج محمد بن اسحاق بن ابى يعقوب النديم الوراق البغدادى |
| 700 | 1 | _aالمازندرانى | |
| 260 |
_a[S.N] : _bدار المسيرة للنشر والتوزيع والطباعة ، _c1988 |
||
| 300 | _a169 ص | ||
| 490 | _a | ||
| 650 | 0 | 4 | _aالببليوجرافيات العامة |
| 650 | 0 | 4 | _aالببليوجرافيا |
| 942 |
_2ddc _cBK |
||
| 999 |
_c29412 _d29412 |
||